000 00677nam a2200217Ii 4500
003 JO-AjNU
008 230605s9999||||xx |||||||||||||| ||und||
017 _a1999/6/1083
040 _aJO-AjNU
_bara
_erda
_cJO-AjNU
041 _aara
050 1 4 _aTA613.S2996 1999
100 3 _aصيام، يوسف مصطفى ,
_eauthor
_951265
245 0 0 _aحساب المساحات والكميات
250 _aط1
264 3 1 _aعمان :دار مجدلاوي ،1999
300 _a174ص
336 _atext
_btxt
_2rdacontent
337 _aunmediated
_bn
_2rdamedia
338 _avolume
_bnc
_2rdacarrier
650 4 _aهندسة الطرق-العلوم التطبيقية
_951266
999 _aA22633
_c26201
_d26201